Estatísticas para Países mais próximos ao Gabão - Sprint de 15 segundos

Clique aqui para jogar o quiz

Estatísticas Gerais

  • Esse quiz foi jogado 16 vezes
  • A pontuação média é 5 de 20

Estatísticas das Respostas

kmpaís% Correto
0Congo
75%
118Angola
58%
0Camarões
58%
0Guiné Equatorial
50%
1184Níger
42%
158Rep Dem do Congo
33%
1463Namíbia
25%
418Nigéria
25%
237São Tomé
e Príncipe
25%
969Benim
17%
1091Gana
17%
232República
Centro-Africana
17%
1044Togo
17%
637Chade
8%
1442Côte d'Ivoire
8%
1429Burkina Faso
0%
1604Ruanda
0%
1396Sudão
0%
1314Sudão do Sul
0%
1435Zâmbia
0%

Distribuição das Pontuações

Percentil de Números Respondidos

Porcentagem de Pessoas com Cada Pontuação

Sua Pontuação Histórica

Você não jogou esse quiz